00599nam a2200229Ia 4500001000700000008004100007010001100048082001300059100002700072245008300099260004300182300001200225440000500237500000500242503001100247650005700258901001300315902000600328910000900334942000700343999001900350Z_2661220113s1991 xx 000 0 und d a165721 a616.4 W5 aWilson, Jean D9122207 aWilliams textbook of endocrinology /cpor Jean D Wilson and Daniel W. Foster aPhiladelphia, Penn :bSaunders,c1991 a1712 p. a a a169523 aEndocrinología I. Foster, Daniel W. II. t.9138680 a616.4 W5 aA a1991 cc1 c165721d165721